Rational expectations in Macroeconomics (Record no. 27406)

MARC details
000 -LEADER
campo de control de longitud fija 00656nam a2200205 i 4500
001 - NÚMERO DE CONTROL
campo de control 27406
003 - IDENTIFICADOR DE NÚMERO DE CONTROL
campo de control ES-MaACL
007 - CAMPO FIJO DE DESCRIPCIÓN FÍSICA--INFORMACIÓN GENERAL
campo de control de longitud fija t|
008 - DATOS DE LONGITUD FIJA--INFORMACIÓN GENERAL
campo de control de longitud fija 030114s1985 xxk ||||1| eng d
020 ## - NÚMERO INTERNACIONAL ESTÁNDAR DEL LIBRO
Número Internacional Estándar del Libro 0-631-13964-8
100 1# - ENTRADA PRINCIPAL--NOMBRE DE PERSONA
Nombre de persona Attfield, C. L. F.
9 (RLIN) 23772
245 10 - MENCIÓN DEL TÍTULO
Título Rational expectations in Macroeconomics
Resto del título : an introduction to theory and evidence /
Mención de responsabilidad, etc. C. L. F. Attfield, D. Demery and N. W. Duck.
260 ## - PUBLICACIÓN, DISTRIBUCIÓN, ETC.
Lugar de publicación, distribución, etc. Oxford, etc. :
Nombre del editor, distribuidor, etc. Basil Blackwell,
Fecha de publicación, distribución, etc. 1985.
300 ## - DESCRIPCIÓN FÍSICA
Extensión 211 p. ;
Dimensiones 23 cm.
500 ## - NOTA GENERAL
Nota general Indices.
504 ## - NOTA DE BIBLIOGRAFÍA, ETC.
Nota de bibliografía, etc. Bibliografía : p. 200-205.
700 1# - ENTRADA AGREGADA--NOMBRE PERSONAL
Nombre de persona Demery, D.
9 (RLIN) 43639
700 1# - ENTRADA AGREGADA--NOMBRE PERSONAL
Nombre de persona Duck, N. W.
9 (RLIN) 45835
852 ## - LOCALIZACIÓN
Ubicación ES-MaACL
Número de control de estantería L-9629
Sublocalización o colección R.111729
Holdings
Estatus retirado Estado de pérdida Estado de daño No para préstamo Biblioteca de origen Biblioteca actual Ubicación en estantería Fecha de adquisición Fuente de adquisición Total de préstamos Signatura topográfica completa Código de barras Visto por última vez Precio de reemplazo Tipo de ítem Koha
        Biblioteca del Ateneo de Madrid Biblioteca del Ateneo de Madrid Depósito 2 17/01/2008     L-9629 1028288 23/02/2023 23/02/2023 Libro impreso